00582nam a22001457a 4500003000400000005001700004008004100021040001400062100003000076245015200106260000900258300002900267500011400296504002600410OSt20171010095441.0120608t xxu||||| |||| 00| 0 eng d aMMSUcULS aBallesteros, Cristeta R.  aPhytoremediation potential of swamp cabbage (Ipomea aquatica) on waste water of cornick production in Paoay, Ilocos Norte cCristeta R. Ballesteros c2007 axiii, 57 leaves c28 cm. aThesis (BS Environmental Science) -- Mariano Marcos State University-College of Arts and Sciences, Batac City aBibliography: leaf 43